| 000 | 00960cam a22003135a 4500 | ||
|---|---|---|---|
| 001 | 18038015 | ||
| 005 | 20160420141741.0 | ||
| 008 | 140210s2014 enka frbd 001 0 eng d | ||
| 020 | _a9781292015804 | ||
| 020 | _a1292015861 | ||
| 040 |
_aDLC _beng _cDLC _dDLC _dEG-ScBUE |
||
| 043 | _ae-uk-en | ||
| 082 | 0 | 4 |
_222 _a349.42 _bELL |
| 100 | 1 |
_aElliott, Catherine, _d1966- _939881 |
|
| 245 | 1 | 0 |
_aEnglish legal system / _cCatherine Elliott and Frances Quinn. |
| 250 | _a15th ed. | ||
| 260 |
_aHarlow : _bPearson Education Limited, _c2014. |
||
| 300 |
_axxxvi, 730 p. : _bill. ; _c24 cm. |
||
| 500 | _aGlossary : p. [689]-691. | ||
| 500 | _aIndex : p. [708]-730. | ||
| 504 | _aBibliography : p. [692]-707. | ||
| 650 | 0 |
_aLaw _zEngland. _2BUEsh |
|
| 650 | 0 |
_aJustice, Administration of _zEngland. _2BUEsh |
|
| 650 | 0 |
_aCourts _zEngland. _2BUEsh _99518 |
|
| 651 | _2BUEsh | ||
| 653 |
_bBUSBOL _cApril2016 |
||
| 700 | 1 |
_aQuinn, Frances, _d1963- |
|
| 942 | _2ddc | ||
| 999 |
_c21670 _d21642 |
||